00441nam a2200145Ia 4500008004100000020001800041041000800059082001800067100002000085245010800105250000600213260003900219300001400258650002300272210716s2014 xx 000 0 und d a9788132113713 aeng a658.4095 VIEW aVieira, Walter. aWinning manager: timeless principles and corporate success.bTimeless principles and corporate success. a2 aNew DelhibSage Publicationsc2014 axviii,219 aGeneral Management